00578nam a2200157 a 450000100100000000500170001000800410002704000250006810000320009324500510012526000390017630000200021550000630023595201050029899900170040300004178720201002035744.0131017s1998 dr 000 0 spa d aDO-SdBNPbspacBNPHU1 aCuesto R., Manuel A.96864710aMaestria de ceremonias /cManuel A. Cuestro R. aSanto Domingo :bDe León,c1998. a67 p. ;c18 cm. aIncluye datos biográficos del autor en la contracubierta 0010718PDaPDbPDcCTd2013-10-17iLF1l0o p41787-10r2020-06-25w2020-06-25yLFPDZNo se presta c41276d41276